| 000 | 00823nam a2200277Ia 4500 | ||
|---|---|---|---|
| 003 | OSt | ||
| 005 | 20220918223649.0 | ||
| 006 | a|||||r|||| 00| 0 | ||
| 007 | ta | ||
| 008 | 220917b |||||||| |||| 00| 0 eng d | ||
| 024 | _a224,501 | ||
| 037 | _cTextual | ||
| 040 |
_aARTS _cARTS _beng |
||
| 041 |
_2eng _aeng |
||
| 082 | _aS:796-86, N8;P5 | ||
| 100 |
_aFrances Richard J. Ed. _9141440 |
||
| 245 | 0 | _aClinical textbook of addictive disorders | |
| 250 | _a3rd | ||
| 260 |
_aNew York _bThe Guilford Press USA _c2005 |
||
| 300 |
_axix,684p. _ccm. |
||
| 650 | _aPSYCHOLOGY | ||
| 700 |
_a Mack Avram H. Ed. _9146304 |
||
| 700 |
_a Miller Sheldon I. Ed. _9141441 |
||
| 942 |
_hS:796-86, N8;P5 _cTEXL _2CC |
||
| 999 |
_c279109 _d279109 |
||